000 00743pam a2200265 a 4500
008
020 _a0080401783 (hbk.)
049 _aMAIN
090 _aTA460
100 1 _aThomason, P. F.
245 1 0 _aDuctile fracture of metals /
_cP.F. Thomason.
250 _a1st ed.
260 _aOxford :
_bPergamon Press,
_c1990.
300 _ax, 219 p. :
_bill. ;
_c24 cm.
504 _aIncludes bibliographical references.
650 0 _aMetals
_xFracture.
650 0 _aMetals
_xDuctility.
650 0 _aFracture mechanics.
653 _aMetals
_aDuctile fracture
907 _a.b1000158x
_b09-01-06
_c17-04-03
003
005 20230123133110.0
040 _cNUST
942 _cBOOKS
_kTA460
999 _c142704
_d142704